Fr. Conceicao Rodrigues College of Engineering

The Complete Reference JSP 2.0 (Record no. 27000)

MARC details
000 -LEADER
fixed length control field 00301nam a2200145Ia 4500
082 ## - DEWEY DECIMAL CLASSIFICATION NUMBER
Classification number 5.72
Item number HAN
100 ## - MAIN ENTRY--PERSONAL NAME
Personal name Hanna/Phil
245 ## - TITLE STATEMENT
Title The Complete Reference JSP 2.0
260 ## - PUBLICATION, DISTRIBUTION, ETC.
Name of publisher, distributor, etc. Tata Mc Graw hill
Date of publication, distribution, etc. 2003
300 ## - PHYSICAL DESCRIPTION
Extent 852
546 ## - LANGUAGE NOTE
Language note ENGLISH
654 ## - SUBJECT ADDED ENTRY--FACETED TOPICAL TERMS
Focus term JSP 2.0
942 ## - ADDED ENTRY ELEMENTS (KOHA)
Koha item type BOOK
Holdings
Withdrawn status Lost status Damaged status Not for loan Collection Home library Current library Date acquired Total Checkouts Full call number Barcode Date last seen Price effective from Koha item type
        CRC Fr. Agnel's C.Rodrigues College of Engineering Fr. Agnel's C.Rodrigues College of Engineering 17/03/2023   5.72 HAN 15553 17/03/2023 17/03/2023 BOOK